الحيل و المهارات البرمجية : إرشادات و نصائح علميه / (Record no. 30560)

MARC details
000 -LEADER
fixed length control field 00843nam a22002417a 4500
005 - DATE AND TIME OF LATEST TRANSACTION
control field 20251108165541.0
008 - FIXED-LENGTH DATA ELEMENTS--GENERAL INFORMATION
fixed length control field 250721s1991 xx 000 0 ara d
082 14 - DEWEY DECIMAL CLASSIFICATION NUMBER
Classification number ط/005.1/واط
100 1# - MAIN ENTRY--PERSONAL NAME
Personal name واطس، ليزا
Relator term مؤلف
245 10 - TITLE STATEMENT
Title الحيل و المهارات البرمجية : إرشادات و نصائح علميه /
246 11 - VARYING FORM OF TITLE
Title proper/short title Usborne Guile To Programming Tricksand Skill
264 1# - PRODUCTION, PUBLICATION, DISTRIBUTION, MANUFACTURE, AND COPYRIGHT NOTICE
Place of production, publication, distribution, manufacture بيروت :
Name of producer, publisher, distributor, manufacturer المؤسسة العربية،
Date of production, publication, distribution, manufacture, or copyright notice 1991.
300 ## - PHYSICAL DESCRIPTION
Extent 48ص. : مص
490 0# - SERIES STATEMENT
Series statement أوسبورن
650 17 - SUBJECT ADDED ENTRY--TOPICAL TERM
Topical term or geographic name as entry element الحواسيب
650 17 - SUBJECT ADDED ENTRY--TOPICAL TERM
Topical term or geographic name as entry element برامج الحاسوب
650 17 - SUBJECT ADDED ENTRY--TOPICAL TERM
Topical term or geographic name as entry element المهارات الحاسوبية
653 ## - INDEX TERM--UNCONTROLLED
Uncontrolled term ناشئون كبار (15-18) سنة
700 1# - ADDED ENTRY--PERSONAL NAME
Personal name هوارث، لس
700 1# - ADDED ENTRY--PERSONAL NAME
Personal name المومني، حيدر عبد الحميد
Relator term Tran.
942 ## - ADDED ENTRY ELEMENTS (KOHA)
Source of classification or shelving scheme Dewey Decimal Classification
Koha item type Books
Holdings
حالة السحب حالة الفقدان مصدر التصنيف حالة التلف غير قابل للإعارة المكتبة الرئيسية المكتبة الحالية موقع الرف تاريخ التزويد الرقم المتسلسل Total Checkouts رقم الإستدعاء الباركود تاريخ آخر ظهور تاريخ الفاتورة نوع المادة (كوها)
    Dewey Decimal Classification     مكتبة أم المؤمنين للأطفال مكتبة أم المؤمنين للأطفال الأطفال 28/07/2025 431219   ط/005.1/واط 431219 28/07/2025 28/07/2025 Books
Implemented & Customized by: BBB with SCIT (Smart Chains for Information Technology)

Powered by Koha